the wicked king quotes - Statistics

General Stats
  • This quiz has been taken 29 times
  • The average score is 8 of 14
Answer Stats
quote character % Correct
"Most of all, I hate you because I think of you. Often. It's disgusting, and I can't stop." Cardan
96%
"I served Prince Dain," the Ghost says. "Not you." The Ghost
96%
"When I'm with him, I feel like the hero of a story, of my story." Taryn
92%
"I have been broken and betrayed. I have lied and killed. I have survived." Jude
88%
"I have lied and I have betrayed and I have triumphed. If only there was someone to congratulate me." Jude
72%
"Pain makes you strong. Get used to the weight." Madoc
68%
"Our king is a lucky duck. I'd like a bed like this, big enough to have a guest or two." The Bomb
60%
"You know how to take care of yourself. You always have." Vivi
60%
"I have heard for mortals, the feeling of falling in love is very much like the feeling of fear." Cardan
44%
"Your ridiculous family might be surprised to find that not everything is solved by murder." Locke
40%
"The most dangerous truths are the ones we keep from ourselves." Cardan
28%
"Everything's a game, Jude." Nicasia
24%
"Some people are like that – they need to be controlled. They’re happier that way." Oriana
20%
"The Folk doubtlessly learned this lesson long ago. They do not need to deceive humans. Humans will deceive themselves." The Roach
8%
No matching quizzes found
Score Distribution
Percent of People with Each Score
Percentile by Number Answered
Your Score History
You have not taken this quiz